Statistics for Kobe Bryant Quiz

Click here to take the quiz!

General Stats

  • This quiz has been taken 25,119 times
    (11,198 since last reset)
  • The average score is 12 of 17

Answer Stats

QuestionAnswer% Correct
What was the only NBA team that Kobe ever played for?Los Angeles Lakers
99%
How did Kobe Bryant die?{Helicopter} Crash
91%
Retired number #18
89%
What teammate did he famously feud with?Shaquille O'Neal
85%
Retired number #224
85%
What was his nickname?Black Mamba
84%
What is the most points Kobe ever scored in a single game?81
81%
What contest did he win in 1997?NBA Slam Dunk Contest
79%
Which NBA team drafted Kobe?Charlotte Hornets
68%
What language (other than English) did Kobe speak proficiently?Italian
68%
Who was Kobe's wife?{Vanessa} Bryant
66%
What coach did he play for during his five championship runs?Phil Jackson
64%
In what country would you find the city of Kobe?Japan
62%
What city was Kobe born in?Philadelphia
57%
What was his middle name?Bean
54%
Who did Kobe pass to become that franchise's leading scorer?Jerry West
51%
Who was Kobe's father, also a former NBA player?{Joe} Bryant
41%

Score Distribution

Percentile by Number Answered

Percent of People with Each Score

Your Score History

You have not taken this quiz since the last reset